Statistics for Water Type Pokemon

Click here to take the quiz!

General Stats

  • This quiz has been taken 80 times
    (73 since last reset)
  • The average score is 109 of 144

Answer Stats

Pure WaterNumberTypePokemon% Correct
Pure Water007WaterSquirtle
95%
Pure Water009WaterBlastoise
95%
Primary Water260Water/GroundSwampert
95%
Pure Water158WaterTotodile
95%
Pure Water129WaterMagikarp
95%
Pure Water120WaterStaryu
95%
Primary Water130Water/FlyingGyarados
95%
Primary Water121Water/PsychicStarmie
95%
Pure Water258WaterMudkip
95%
Pure Water008WaterWartortle
95%
Primary Water072Water/PoisonTentacool
93%
Pure Water159WaterCroconaw
93%
Primary Water062Water/FightingPoliwrath
93%
Pure Water393WaterPiplup
93%
Primary Water073Water/PoisonTentacruel
93%
Pure Water061WaterPoliwhirl
93%
Pure Water060WaterPoliwag
93%
Primary Water395Water/SteelEmpoleon
93%
Primary Water131Water/IceLapras
91%
Pure Water656WaterFroakie
91%
Primary Water259Water/GroundMarshtomp
91%
Primary Water091Water/IceCloyster
91%
Primary Water087Water/IceDewgong
91%
Pure Water118WaterGoldeen
91%
Pure Water086WaterSeel
91%
Pure Water119WaterSeaking
91%
Pure Water090WaterShellder
91%
Pure Water160WaterFeraligatr
88%
Primary Water080Water/PsychicSlowbro
88%
Primary Water079Water/PsychicSlowpoke
88%
Pure Water055WaterGolduck
88%
Pure Water054WaterPsyduck
88%
Pure Water394WaterPrinplup
88%
Primary Water171Water/ElectricLanturn
86%
Pure Water117WaterSeadra
86%
Primary Water194Water/GroundWooper
86%
Pure Water657WaterFrogadier
86%
Primary Water199Water/PsychicSlowking
86%
Primary Water195Water/GroundQuagsire
86%
Pure Water501WaterOshawott
86%
Pure Water502WaterDewott
84%
Primary Water170Water/ElectricChinchou
84%
Pure Water116WaterHorsea
84%
Pure Water186WaterPolitoed
84%
Primary Water183Water/FairyMarill
84%
Primary Water184Water/FairyAzumarill
84%
Secondary Water140Rock/WaterKabuto
84%
Pure Water503WaterSamurott
84%
Pure Water134WaterVaporeon
84%
Secondary Water141Rock/WaterKabutops
84%
Primary Water658Water/DarkGreninja
81%
Primary Water230Water/DragonKingdra
81%
Primary Water270Water/GrassLotad
81%
Secondary Water138Rock/WaterOmanyte
81%
Primary Water319Water/DarkSharpedo
81%
Primary Water226Water/FlyingMantine
81%
Primary Water658Water/DarkAsh-Greninja
81%
Primary Water272Water/GrassLudicolo
79%
Primary Water271Water/GrassLombre
79%
Secondary Water363Ice/WaterSpheal
79%
Pure Water382WaterPrimal Kyogre
79%
Pure Water728WaterPopplio
79%
Pure Water382WaterKyogre
79%
Primary Water222Water/RockCorsola
79%
Secondary Water139Rock/WaterOmastar
79%
Primary Water279Water/FlyingPelipper
77%
Primary Water278Water/FlyingWingull
77%
Pure Water349WaterFeebas
77%
Primary Water339Water/GroundBarboach
77%
Primary Water340Water/GroundWhiscash
77%
Secondary Water365Ice/WaterWalrein
77%
Pure Water245WaterSuicune
77%
Pure Water370WaterLuvdisc
77%
Primary Water318Water/DarkCarvanha
74%
Primary Water484Water/DragonPalkia
74%
Pure Water009WaterMega Blastoise
74%
Primary Water130Water/DarkMega Gyarados
74%
Secondary Water283Bug/WaterSurskit
74%
Pure Water321WaterWailord
74%
Pure Water350WaterMilotic
74%
Secondary Water364Ice/WaterSealeo
74%
Primary Water580Water/FlyingDucklett
74%
Primary Water581Water/FlyingSwanna
74%
Primary Water592Water/GhostFrillish
72%
Primary Water260Water/GroundMega Swampert
72%
Pure Water320WaterWailmer
72%
Primary Water080Water/PsychicMega Slowbro
72%
Pure Water366WaterClamperl
72%
Primary Water369Water/RockRelicanth
72%
Pure Water418WaterBuizel
72%
Pure Water419WaterFloatzel
72%
Pure Water729WaterBrionne
72%
Primary Water593Water/GhostJellicent
72%
Pure Water490WaterManaphy
70%
Pure Water368WaterGorebyss
70%
Pure Water367WaterHuntail
70%
Pure Water550WaterBasculin
70%
Primary Water211Water/PoisonQwilfish
70%
Primary Water458Water/FlyingMantyke
70%
Primary Water730Water/FairyPrimarina
70%
Primary Water564Water/RockTirtouga
67%
Secondary Water400Normal/WaterBibarel
67%
Secondary Water479Electric/WaterRotom(Wash)
67%
Pure Water223WaterRemoraid
67%
Primary Water342Water/DarkCrawdaunt
67%
Pure Water341WaterCorphish
67%
Pure Water489WaterPhione
67%
Primary Water565Water/RockCarracosta
65%
Secondary Water688Rock/WaterBinacle
65%
Pure Water422WaterShellos(West Sea)
65%
Secondary Water721Fire/WaterVolcanion
65%
Pure Water099WaterKingler
65%
Pure Water224WaterOctillery
65%
Pure Water098WaterKrabby
65%
Primary Water319Water/DarkMega Sharpedo
65%
Pure Water422WaterShellos(East Sea)
65%
Primary Water423Water/GroundGastrodon(East Sea)
63%
Pure Water457WaterLumineon
63%
Secondary Water690Poison/WaterSkrelp
63%
Secondary Water689Rock/WaterBarbaracle
63%
Primary Water539Water/GroundPalpitoad
63%
Primary Water423Water/GroundGastrodon(West Sea)
63%
Pure Water535WaterTympole
63%
Primary Water647Water/FightingKeldeo(Resolute)
60%
Primary Water752Water/BugAraquanid
60%
Pure Water594WaterAlomomola
60%
Primary Water647Water/FightingKeldeo
60%
Pure Water456WaterFinneon
60%
Primary Water751Water/BugDewpider
58%
Pure Water516WaterSimipour
58%
Pure Water515WaterPanpour
58%
Primary Water537Water/GroundSeismitoad
58%
Secondary Water768Bug/WaterGolisopod
56%
Pure Water351WaterCastform(Rainy)
53%
Pure Water746WaterWishiwashi(Single)
51%
Pure Water746WaterWishiwashi(School)
51%
Secondary Water748Poison/WaterToxapex
51%
Secondary Water767Bug/WaterWimpod
51%
Primary Water788Water/FairyTapu Fini
49%
Pure Water692WaterClauncher
49%
Pure Water693WaterClawitzer
49%
Secondary Water747Poison/WaterMareanie
49%
Primary Water779Water/PsychicBruxish
44%
Pure Water771WaterPyukumuku
37%

Score Distribution

Percentile by Number Answered

Percent of People with Each Score

Your Score History

You have not taken this quiz since the last reset